=LDR 00000nam 2200000 4500 =001 $a INLIS000000000008553 =005 $a 20260702122808 =008 $a 260702###########################0#ind## =022 ##$$a 979-22-1990-0 =035 ##$$a 0010-0726000002 =082 ##$$a 658.003 =084 ##$$a 658.003 SYA k =100 #$$a Syahu Sugian =245 ##$$a Kamus manajemen (Mutu) $b - $c Syahu Sugian =247 ##$$a =260 ##$$a Jakarta $b Gramedia $c 2006 =300 ##$$a xxi, 303 halaman $b - $c 23 cm $e =310 ##$$a =321 ##$$a =520 #$$a =650 #$$a Kamus Manajemen =700 #$$a =856 ##$$a Perpustakaan kemendukbangga =Wor $a 1